000 01048nam0a22002891 4500
001 rc\4412823
005 20260406072624.0
021 _aRU
_b[62-42296]
035 _a(NLR Aleph) 008565056
090 _a8489790
_c8489790
100 _a20130416d1962 |||y0rusy50 ca
101 0 _arus
102 _aRU
105 _aa z |||a|
200 1 _aМои звери
_e[Рассказы
_fЛит. запись Я.М. Тайца]
_gРис. Е. Рачева
210 _aМосква
_cДетгиз
_d1962
215 _a110 с.
_cил.
_d21
225 1 _aШкольная библиотека
_i[Для начальной школы]
606 _aЖивотные дрессированные (д. л.)
_2psbo
700 1 _4070
_8rus
_7ca
_aДуров
_bВ. Л.
_f1863-1934
_gВладимир Леонидович
_3RU\NLR\auth\7730323
_913347
702 1 _aТайц
_bЯ.М.
_gЯков Моисеевич
_4570
702 1 _aРачев
_bЕ.
_4440
801 0 _aRU
_bNLR
_gpsbo
801 1 _aRU
_bELAR
_2rusmarc
852 _aNLR
_j62-3/2814
942 _cBOOK
980 _aNB